Statistics for medical acronyms

Click here to take the quiz!

General Stats

  • This quiz has been taken 401 times
  • The average score is 7 of 19

Answer Stats

HintAnswer% Correct
IVintravenous
83%
mgmilligram
76%
mcgmicrogram
65%
tabtablet
65%
capcapsule
60%
PRNas needed
49%
POby mouth
44%
Q4every 4 hours
40%
Q6every 6 hours
38%
abxantibiotics
33%
BIDtwice daily
32%
statimmediately
28%
TIDthree times daily
28%
QIDfour times daily
25%
D5dextrose 5%
17%
QADevery other day
5%
SIDonce a day
4%
NPOno food by mouth
3%
TPNtotal parerenteral nutrition
0%

Score Distribution

Percentile by Number Answered

Percent of People with Each Score

Your Score History

You have not taken this quiz